000 00267nam a22001097a 4500
082 _a332.4222 CHE
100 _aChevalier, Michael
245 _aOn the problem in the value of gold
260 _aLondon
_bGreenwood press,
_c1968
300 _a211p.
_b21cm.
942 _cBK
999 _c14940
_d14940